<?xml version="1.0" encoding="UTF-8"?>
<record
    xmlns:xsi="http://www.w3.org/2001/XMLSchema-instance"
    xsi:schemaLocation="http://www.loc.gov/MARC21/slim http://www.loc.gov/standards/marcxml/schema/MARC21slim.xsd"
    xmlns="http://www.loc.gov/MARC21/slim">

  <leader>01383nam a22002177a 4500</leader>
  <datafield tag="952" ind1=" " ind2=" ">
    <subfield code="0">0</subfield>
    <subfield code="1">0</subfield>
    <subfield code="4">0</subfield>
    <subfield code="7">0</subfield>
    <subfield code="a">23</subfield>
    <subfield code="b">23</subfield>
    <subfield code="d">2020-04-15</subfield>
    <subfield code="l">1</subfield>
    <subfield code="o">RA418.5 T73 C3</subfield>
    <subfield code="p">23 003727</subfield>
    <subfield code="r">2023-07-26</subfield>
    <subfield code="s">2023-07-24</subfield>
    <subfield code="t">1</subfield>
    <subfield code="w">2020-04-15</subfield>
    <subfield code="y">LB</subfield>
  </datafield>
  <datafield tag="952" ind1=" " ind2=" ">
    <subfield code="0">0</subfield>
    <subfield code="1">0</subfield>
    <subfield code="4">0</subfield>
    <subfield code="7">0</subfield>
    <subfield code="a">23</subfield>
    <subfield code="b">23</subfield>
    <subfield code="d">2021-08-02</subfield>
    <subfield code="l">0</subfield>
    <subfield code="o">RA418.5 T73 C3</subfield>
    <subfield code="p">23 003898</subfield>
    <subfield code="r">2026-02-16</subfield>
    <subfield code="t">2</subfield>
    <subfield code="w">2021-08-02</subfield>
    <subfield code="y">LB</subfield>
  </datafield>
  <datafield tag="952" ind1=" " ind2=" ">
    <subfield code="0">0</subfield>
    <subfield code="1">0</subfield>
    <subfield code="4">0</subfield>
    <subfield code="7">0</subfield>
    <subfield code="a">23</subfield>
    <subfield code="b">23</subfield>
    <subfield code="d">2021-08-02</subfield>
    <subfield code="l">1</subfield>
    <subfield code="o">RA418.5 T73 C3</subfield>
    <subfield code="p">23 003899</subfield>
    <subfield code="r">2026-02-16</subfield>
    <subfield code="s">2025-02-04</subfield>
    <subfield code="t">3</subfield>
    <subfield code="w">2021-08-02</subfield>
    <subfield code="y">LB</subfield>
  </datafield>
  <datafield tag="952" ind1=" " ind2=" ">
    <subfield code="0">0</subfield>
    <subfield code="1">0</subfield>
    <subfield code="4">0</subfield>
    <subfield code="7">0</subfield>
    <subfield code="a">23</subfield>
    <subfield code="b">23</subfield>
    <subfield code="d">2021-08-02</subfield>
    <subfield code="l">1</subfield>
    <subfield code="o">RA418.5 T73 C3</subfield>
    <subfield code="p">23 003900</subfield>
    <subfield code="r">2026-02-16</subfield>
    <subfield code="s">2022-02-09</subfield>
    <subfield code="t">4</subfield>
    <subfield code="w">2021-08-02</subfield>
    <subfield code="y">LB</subfield>
  </datafield>
  <datafield tag="952" ind1=" " ind2=" ">
    <subfield code="0">0</subfield>
    <subfield code="1">0</subfield>
    <subfield code="4">0</subfield>
    <subfield code="7">0</subfield>
    <subfield code="a">23</subfield>
    <subfield code="b">23</subfield>
    <subfield code="d">2021-08-02</subfield>
    <subfield code="l">2</subfield>
    <subfield code="o">RA418.5 T73 C3</subfield>
    <subfield code="p">23 003901</subfield>
    <subfield code="r">2022-03-11</subfield>
    <subfield code="s">2022-03-10</subfield>
    <subfield code="t">5</subfield>
    <subfield code="w">2021-08-02</subfield>
    <subfield code="y">LB</subfield>
  </datafield>
  <datafield tag="952" ind1=" " ind2=" ">
    <subfield code="0">0</subfield>
    <subfield code="1">0</subfield>
    <subfield code="4">0</subfield>
    <subfield code="7">0</subfield>
    <subfield code="a">23</subfield>
    <subfield code="b">23</subfield>
    <subfield code="d">2021-08-02</subfield>
    <subfield code="l">0</subfield>
    <subfield code="o">RA418.5 T73 C3</subfield>
    <subfield code="p">23 003902</subfield>
    <subfield code="r">2021-08-02</subfield>
    <subfield code="t">6</subfield>
    <subfield code="w">2021-08-02</subfield>
    <subfield code="y">LB</subfield>
  </datafield>
  <datafield tag="952" ind1=" " ind2=" ">
    <subfield code="0">0</subfield>
    <subfield code="1">0</subfield>
    <subfield code="4">0</subfield>
    <subfield code="7">0</subfield>
    <subfield code="a">23</subfield>
    <subfield code="b">23</subfield>
    <subfield code="d">2021-08-02</subfield>
    <subfield code="l">0</subfield>
    <subfield code="o">RA418.5 T73 C3</subfield>
    <subfield code="p">23 003903</subfield>
    <subfield code="r">2021-08-02</subfield>
    <subfield code="t">7</subfield>
    <subfield code="w">2021-08-02</subfield>
    <subfield code="y">LB</subfield>
  </datafield>
  <datafield tag="952" ind1=" " ind2=" ">
    <subfield code="0">0</subfield>
    <subfield code="1">0</subfield>
    <subfield code="4">0</subfield>
    <subfield code="7">0</subfield>
    <subfield code="a">23</subfield>
    <subfield code="b">23</subfield>
    <subfield code="d">2021-08-02</subfield>
    <subfield code="l">0</subfield>
    <subfield code="o">RA418.5 T73 C3</subfield>
    <subfield code="p">23 003904</subfield>
    <subfield code="r">2021-08-02</subfield>
    <subfield code="t">8</subfield>
    <subfield code="w">2021-08-02</subfield>
    <subfield code="y">LB</subfield>
  </datafield>
  <datafield tag="952" ind1=" " ind2=" ">
    <subfield code="0">0</subfield>
    <subfield code="1">0</subfield>
    <subfield code="4">0</subfield>
    <subfield code="7">0</subfield>
    <subfield code="a">23</subfield>
    <subfield code="b">23</subfield>
    <subfield code="d">2021-08-02</subfield>
    <subfield code="l">0</subfield>
    <subfield code="o">RA418.5 T73 C3</subfield>
    <subfield code="p">23 003905</subfield>
    <subfield code="r">2021-08-02</subfield>
    <subfield code="t">9</subfield>
    <subfield code="w">2021-08-02</subfield>
    <subfield code="y">LB</subfield>
  </datafield>
  <datafield tag="999" ind1=" " ind2=" ">
    <subfield code="c">104929</subfield>
    <subfield code="d">104929</subfield>
  </datafield>
  <controlfield tag="008">200415s2016    mx  |||| |||| 001 0 spa d</controlfield>
  <datafield tag="050" ind1=" " ind2="4">
    <subfield code="a">RA418.5 T73</subfield>
    <subfield code="b">C3</subfield>
  </datafield>
  <datafield tag="100" ind1="1" ind2=" ">
    <subfield code="a">Campos Navarro, Roberto</subfield>
    <subfield code="c">Dr.</subfield>
    <subfield code="e">autor</subfield>
  </datafield>
  <datafield tag="245" ind1="1" ind2="0">
    <subfield code="a">Antropolog&#xED;a m&#xE9;dica e interculturalidad</subfield>
    <subfield code="c">/ Roberto Campos Navarro; colaboradores: Jos&#xE9; Carlos Aguado V&#xE1;zquez, Abigail Contreras, Mar&#xED;a de la Luz Arenas Monreal...[et. al]</subfield>
  </datafield>
  <datafield tag="260" ind1="3" ind2=" ">
    <subfield code="a">M&#xE9;xico</subfield>
    <subfield code="b">: McGraw Hill Interamericana</subfield>
    <subfield code="c">, 2016</subfield>
  </datafield>
  <datafield tag="300" ind1=" " ind2=" ">
    <subfield code="a">xxi, 506 p&#xE1;ginas</subfield>
  </datafield>
  <datafield tag="500" ind1=" " ind2=" ">
    <subfield code="a">Incluye &#xED;ndice (499-506)</subfield>
  </datafield>
  <datafield tag="504" ind1=" " ind2=" ">
    <subfield code="a">Incluye bibliograf&#xED;a al final de cada cap&#xED;tulo</subfield>
  </datafield>
  <datafield tag="505" ind1="1" ind2=" ">
    <subfield code="a">Introducci&#xF3;n a la antropolog&#xED;a m&#xE9;dica e interculturalidad
Cultura y cosmovisi&#xF3;n
Procesos bioculturales
Pluralismo m&#xE9;dico
Relaci&#xF3;n m&#xE9;dico-paciente
Modelo m&#xE9;dico de autoatenci&#xF3;n y modelo alternativo subordinado
Epidemiolog&#xED;a sociocultural y medicina tradicional mexicana y medicina tradicional mexicana
Antropolog&#xED;a m&#xE9;dica aplicada</subfield>
  </datafield>
  <datafield tag="519" ind1=" " ind2=" ">
    <subfield code="a">Plan UNAM 6o semestre / </subfield>
    <subfield code="b">Enfermer&#xED;a /</subfield>
    <subfield code="c">Antropolog&#xED;a del cuidado (1612) /</subfield>
    <subfield code="d">(23 003727, 23 003898, 23 003899, 23 003900, 23 003901, 23 003902, 23 003903,23 003904, 23 003905)</subfield>
  </datafield>
  <datafield tag="650" ind1="1" ind2="4">
    <subfield code="a">ANTROPOLOG&#xCD;A M&#xC9;DICA</subfield>
    <subfield code="z">M&#xC9;XICO</subfield>
  </datafield>
  <datafield tag="700" ind1="1" ind2=" ">
    <subfield code="a">Aguado V&#xE1;zquez, Jos&#xE9; Carlos</subfield>
    <subfield code="e">colaborador</subfield>
  </datafield>
  <datafield tag="700" ind1="1" ind2=" ">
    <subfield code="a">Aguilar Contreras, Abiga&#xED;l</subfield>
    <subfield code="e">colaborador</subfield>
  </datafield>
  <datafield tag="700" ind1="1" ind2=" ">
    <subfield code="a">Arenas Monreal, Mar&#xED;a de la Luz</subfield>
    <subfield code="e">colaborador</subfield>
  </datafield>
  <datafield tag="942" ind1=" " ind2=" ">
    <subfield code="c">LB</subfield>
  </datafield>
</record>
